| 000 | 00468pab a2200169 454500 | ||
|---|---|---|---|
| 008 | 180718b2007 xxu||||| |||| 00| 0 eng d | ||
| 100 | _aNomita P. Kumar | ||
| 245 | _aSmall scale industry performance in Uttar Pradesh: pre and post-reform scenario | ||
| 260 | _c2007 | ||
| 300 | _ap.91-101. | ||
| 362 | _aApr-Jun | ||
| 650 | _aUttar Pradesh - Industries, Small scale | ||
| 650 | _aSmall scale industry | ||
| 773 | _aProductivity | ||
| 908 | _aN | ||
| 909 | _a76568 | ||
| 999 |
_c76568 _d76568 |
||